Countries with the Most UN Peacekeepers - Statistics

General Stats
  • This quiz has been taken 62 times
  • The average score is 14 of 30
Answer Stats
Peacekeepers Country % Correct
2,248 China
81%
5,481 India
80%
3,949 Pakistan
71%
2,818 Egypt
66%
978 Niger
64%
6,447 Bangladesh
61%
4,856 Ethiopia
61%
2,818 Indonesia
59%
940 South Africa
56%
2,296 Ghana
51%
5,536 Nepal
51%
1,697 Morocco
49%
1,483 Tanzania
47%
1,479 Chad
46%
1,195 Cameroon
44%
1,062 Malaysia
44%
5,263 Rwanda
44%
770 Burundi
41%
978 Zambia
41%
765 Cambodia
37%
719 Guinea
36%
2,107 Senegal
34%
1,291 Togo
34%
920 Italy
31%
911 Ivory Coast
31%
742 Malawi
31%
1,192 Burkina Faso
29%
751 Mauritania
27%
889 Mongolia
22%
1,073 Uruguay
12%
No matching quizzes found
Score Distribution
Percent of People with Each Score
Percentile by Number Answered
Your Score History
You have not taken this quiz